Azeotropic Data Part 2
Salvato in:
| Autore principale: | |
|---|---|
| Altri autori: | , , |
| Natura: | Libro |
| Lingua: | inglese |
| Pubblicazione: |
Weinheim
Wiley-VCH
2004
|
| Edizione: | 2nd, Comletely Rev. and Extended Ed. |
| Soggetti: | |
| Accesso online: | Visualizza in OPAC |
| Tags: |
Nessun Tag, puoi essere il primo ad aggiungerne!!
|
MARC
| LEADER | 00000nam a2200000 a 4500 | ||
|---|---|---|---|
| 005 | 20260127134334.0 | ||
| 008 | 050321 2004 gw 000 0 eng d | ||
| 020 | |a 3527308334 | ||
| 035 | |a vtls001520627 | ||
| 039 | 9 | |y 200503211125 |z mschk03 | |
| 040 | |a STUSCHK1 |b slo |c STUSCHK1 |e AACR2 | ||
| 100 | 1 | |a Gmehling, Jürgen | |
| 245 | 1 | |a Azeotropic Data |b Part 2 | |
| 250 | |a 2nd, Comletely Rev. and Extended Ed. | ||
| 260 | |a Weinheim |b Wiley-VCH |c 2004 | ||
| 300 | |a 841-1388 | ||
| 650 | 0 | |a Azeotropes |x Tables | |
| 700 | 1 | |a Menke, Jochen | |
| 700 | 1 | |a Krafczyk, Jörg | |
| 700 | 1 | |a Fischer, Kai | |
| 910 | |a SCHK95 | ||
| 919 | |a 3-527-30833-4 | ||
| 999 | |c 10244 |d 10244 | ||